000 01088nam a22003257a 4500
003 CHAP
005 20220329135558.0
008 971013s1987 r 00010 d
010 _a38803
011 _a39775
035 _a43900
040 _cCHAP
090 _aTesis
100 0 0 _aPeña López, José Alfredo.
_986805
245 _aPrueba de comportamiento de becerros charolais tanto en pastoreo como en estabulación
260 _aMarín, N.L. :
_bEl autor,
_c1987
300 _a37 h.
502 _aTesis (Ing. Agr. Zootecnista) -- Univ. Autónoma de Nuevo León. Fac. de Agronomía
590 _aALEPH
_b10
_c20130110
_lUCH01
_h1305
590 _aBATCH-UPD
_b10
_c20130110
_lUCH01
_h1726
590 _aBATCH-UPD
_b10
_c20130410
_lUCH01
_h1108
590 _aBATCH-UPD
_b10
_c20130914
_lUCH01
_h1509
590 _aCONVERSION
_b10
_c20130109
_lUCH01
_h1322
650 1 4 _aGanado Charolais.
_945066
650 1 4 _aGanado vacuno
_xAlimentación.
_945429
650 1 4 _aGanado vacuno
_xPastoreo.
_945502
901 _aBK
942 _cTESIS
949 _bBC
_cTES
_d-100466
_eTS1
_h19859
_i43900
_si
999 _c38803
_d38803